000 00978cam a2200265 a 4500
001 000023597
005 20200930022333.0
008 770805s1958 sp 000 spa d
010 _a40001821
035 _a(OCoLC)3163074
040 _aDO-SdBNP
_bspa
_cBNPHU
082 _a861.6
_bM542r, 1958
100 2 _aMenéndez Pidal, Ramón,
_d1869-1968.
_93902
245 1 4 _aLos romances de America, y otros estudios /
_cRamón Menéndez Pidal,.
250 _a6a ed.
260 _aMadrid :
_bEspasa-Calpe,
_c1958.
300 _a179 p ;
_c18 cm.
490 1 _aAustral. Ensayos y filosofía
_v55
505 0 _aLos romances tradicionales en América.--Poesía popular y poesía tradicional en la literatura española.--Los orígenes del romancero.--Un nuevo romance fronterizo.--El lenguaje del siglo XVI.
650 4 _aBaladas españolas
_916714
650 4 _aLiteratura española
_9632
830 0 _aAustral. Ensayos y filosofía ;
_v55
_941589
910 _aWM
049 _aBNGR
999 _c23093
_d23093